000
00327nam a2200145Ia 4500
100
_a
Popov/E.P
250
_a
2
942
_c
BK
654
_a
Engineering Mechanics
245
_a
Engineering Mechanics of Solids
260
_b
Prentice Hall
_a
New Delhi
_c
1998
082
_a
620.105
_b
POP
300
_a
864
546
_a
ENGLISH
999
_c
34701
_d
34701